00561nam a2200181Ia 4500003000900000008004100009020001800050040001600068080001300084100002100097245009500118260003800213300001400251650004100265650002400306650002700330650002200357IN-BaIIA211028s9999 xx 000 0 eng d a0 86311 314 1 cIIA Library a524bVEN aVenkataraman, G. 0aChandrasekhar and his limitcG. Venkataraman  aHyderabadbUniversity Pressc1992 aviii,134p aAstronomy and Astrophysics Thesaurus aChandrasekhar Limit aGravitational Collapse aWhite Dwarf Stars